[Event "CRO-chT2 Center 22nd"]
[Site "Sisak"]
[Date "2013.04.21"]
[Round "3.5"]
[White "Deno, Drago"]
[Black "Bartakovic, Tomislav"]
[Result "1-0"]
[WhiteElo "2210"]
[BlackElo "2122"]
[PlyCount "77"]
[EventDate "2013.04.14"]
[EventType "team-tourn"]
[EventRounds "11"]
[EventCountry "CRO"]
[SourceTitle "EXT 2016"]
[Source "ChessBase"]
[SourceDate "2015.10.08"]
[SourceVersion "1"]
[SourceVersionDate "2015.10.08"]
[SourceQuality "1"]

1. c4 e5 2. Nc3 Nf6 3. g3 Nc6 4. Bg2 Bb4 5. Nd5 Bc5 6. e3 d6 7. Ne2 0-0 8. 0-0 Nxd5 9. cxd5 Ne7 10. d4 Bb6 11. dxe5 dxe5 12. Nc3 a6 13. b3 Nf5 14. Ba3 Nd6 15. Rc1 f5 16. Na4 Rf6 17. Nxb6 cxb6 18. Bb2 Nf7 19. f4 Qe7 20. fxe5 Nxe5 21. Qd4 Ng4 22. h3 Qxe3+ 23. Qxe3 Nxe3 24. Bxf6 Nxf1 25. Kxf1 gxf6 26. Rc7 f4 27. gxf4 Bf5 28. Rxb7 b5 29. Rb6 Kg7 30. Kf2 Re8 31. Rc6 Rd8 32. Rxa6 b4 33. d6 Rd7 34. h4 Kf7 35. Bd5+ Kf8 36. Ke3 Rd8 37. Bc4 Rb8 38. Kd4 Bc8 39. Ra7 1-0

[Event "CRO-chT2 Center 22nd"]
[Site "Sisak"]
[Date "2013.04.14"]
[Round "1.44"]
[White "Deno, Drago"]
[Black "Novosel, Tomislav"]
[Result "0-1"]
[WhiteElo "2210"]
[BlackElo "2181"]
[PlyCount "148"]
[EventDate "2013.04.14"]
[EventType "team-tourn"]
[EventRounds "11"]
[EventCountry "CRO"]
[SourceTitle "EXT 2016"]
[Source "ChessBase"]
[SourceDate "2015.10.08"]
[SourceVersion "1"]
[SourceVersionDate "2015.10.08"]
[SourceQuality "1"]

1. c4 e5 2. Nc3 d6 3. g3 f5 4. Bg2 Nf6 5. d3 Be7 6. Nf3 0-0 7. 0-0 c6 8. b4 Qe8 9. b5 Nbd7 10. bxc6 bxc6 11. Ng5 Nc5 12. Nb5 cxb5 13. Bxa8 h6 14. d4 hxg5 15. dxc5 Qh5 16. Bg2 dxc5 17. cxb5 Kf7 18. e4 g4 19. h4 f4 20. gxf4 Qxh4 21. fxe5 Nh5 22. Qb3+ Kg6 23. Bd2 Rh8 24. f4 Rd8 25. f5+ Kh7 26. Be1 g3 27. Rf3 Qxe4 28. f6 Bf8 29. Qb1 Qxb1 30. Rxb1 gxf6 31. Bxg3 Rd2 32. exf6 Rxa2 33. Be5 c4 34. Rc3 Bc5+ 35. Kh1 Bf5 36. Rbc1 Re2 37. Bh2 Nxf6 38. Bf3 Rb2 39. Rxc4 Rxb5 40. Rf4 Kg6 41. Rf1 Be3 42. Rc4 Bb6 43. Rc6 Kg7 44. Bg1 Bd7 45. Rxf6 Kxf6 46. Bg4+ Bf5 47. Bh2 Rb1 48. Bd1 Rxd1 49. Be5+ Kxe5 50. Rxd1 Bd4 51. Kg2 Be4+ 52. Kf1 a5 53. Re1 Kd5 54. Ke2 a4 55. Rc1 a3 56. Rc8 Bb2 57. Kd2 Bb1 58. Rd8+ Kc4 59. Ra8 a2 60. Rc8+ Kd5 61. Rd8+ Ke6 62. Ra8 a1Q 63. Rxa1 Bxa1 64. Ke3 Kd5 65. Kf4 Be4 66. Ke3 Bd4+ 67. Kd2 Kc4 68. Ke2 Bc5 69. Kd2 Bf3 70. Kc2 Be3 71. Kb2 Bd1 72. Kb1 Kb3 73. Ka1 Bf4 74. Kb1 Bc2+ 0-1